000 01548cam a22003134a 4500
020 _a0821374303
020 _a9780821374313
040 _cDDC
082 _a330 WOR 2008 A065 Or.
110 2 _aWorld Bank.
245 1 4 _aThe Little Data Book on Private Sector Development 2008
260 _aWashington, D.C. :
_bThe World Bank,
_c2008.
300 _a1 online resource (229 p.)
490 1 _aWorld Development Indicators
520 3 _aThe Little Data Book on Private Sector Development 2008 is one of a series of pocket-sized books intended to provide a quick reference to development data on different topics. The Little Data Book on Private Sector Development 2008 provides data for more than 20 key indicators on business environment and private sector development in a single page for each of the World Bank member countries and other economies with populations of more than 30,000. These more than 200 country pages are supplemented by aggregate data for regional and income groupings.
650 4 _aAccess to Finance.
650 4 _aBanks and Banking Reform.
650 4 _aCurrencies and Exchange Rates.
650 4 _aDebt Markets.
650 4 _aEconomic Theory and Research.
650 4 _aEmerging Markets.
650 4 _aFinance and Financial Sector Development.
650 4 _aInvestment and Investment Climate.
650 4 _aMacroeconomics and Economic Growth.
650 4 _aPrivate Sector Development.
710 2 _aWorld Bank.
856 4 0 _uhttp://elibrary.worldbank.org/content/book/9780821374306
942 _cEK
999 _c14388
_d14388